00182nam a2200073 a 450000500170000000800410001705000170005824500330007520140414093834.0030610s19uu xx 00 eng d aCD 530bR #2 aScience master :bPhysics 1.